000 00234nam a2200085Ia 4500
008 170617s9999 xx 000 0 und d
100 _aSharma Mukesh
245 0 _aT.B OF NURSING EDUCATION COMMUNICATION & EDUCATION TECH
260 _bJAYPEE BROTHERS
260 _c2013
999 _c12984
_d12984